01350nam a2200277Ia 450000500170000000800410001702000190005824500980007725000390017530000430021449000270025750502530028465000460053765000390058370000400062270000390066274001740070194200150087526400330089033600270092333700330095033800280098304000350101108400110104699900150105720220317001107.0160825s2006 ck a g 000 0 spa  a9789583007601210aCuentos fantásticoscselección de Guido L. Tamayo S. ; ilustrado por Patricia Rodríguez a1a. edición b5a. reimpresión  a172 páginas bilustraciones c22 cm  aEl pozo y el péndulo aLa poción de Lao-Tsé / Richard Garnet -- La nariz / Nokolai Gogol -- El beso / Tomasso Landolfi -- El guardagujas / Juan José Arreola -- Las dos chelitas / Julio Garmendia -- Nosferatu / Griselda Gambaro -- En memoria de Paulina / Adolfo Bioy142LEMBaCuentos fantásticosvColecciones 142LEMB aAventuras en la literatura 1 aRodríguez Acosta, Patricia 997831 aTamayo Sánchez, Guido L. 91706432aEl Beso aLa muñeca menor aEl guardaagujas aLa memoria de Paulina aLa nariz aLa poción de Lao-Tsé aLas dos Chelitas aNosferatu aPesadilla en el hipotálamo 2loccBKLIT aBogotábPanamericanac2006 atextobtxt2rdacontent asin mediaciónbn2rdamedia avolumenbnc2rdacarrier aCO-BoRNBPbspaerdacCO-BoRNBP aC CUE2 c5905d5905